Janet Whittle's watercolour flowers : an inspirational step-by-step guide to colour and techniques (Record no. 215539)

MARC details
000 -LEADER
fixed length control field 00351nam a2200097Ia 4500
082 ## - DEWEY DECIMAL CLASSIFICATION NUMBER
Classification number 751.4224343 WHIT
008 - FIXED-LENGTH DATA ELEMENTS--GENERAL INFORMATION
fixed length control field 210817s9999 xx 000 0 und d
100 ## - MAIN ENTRY--PERSONAL NAME
Personal name Whittle, Janet Welgemoed, South Africa, 2007
9 (RLIN) 67027
245 #0 - TITLE STATEMENT
Title Janet Whittle's watercolour flowers : an inspirational step-by-step guide to colour and techniques
942 ## - ADDED ENTRY ELEMENTS
item type Books
Holdings
Withdrawn status Lost status Damaged status Not for loan Home library Current library Date acquired Cost, normal purchase price Total Checkouts Barcode Date last seen Price effective from item type
        Bethal Bethal 18.08.2021 193.00   33228020789085 18.08.2021 18.08.2021 Books